000 01006nam a2200301 a 4500
001 000022491
003 DO-SdBNP
005 20240719104102.0
007 ta
008 101012s2002 sp a 000 0 spa d
020 _a8449313023
040 _aDO-SdBNP
_bspa
_cBNPHU
_erda
082 _a038
_bC316d
_222
100 1 _aCarriere, Jean-Claude
_d1931-2021
_eautor
_946338
240 _aDictionnaire amoureux de l'Inde
245 1 0 _aDiccionario del amante de la India /
_cJean-Claude Carriere ; traductor Javier Palacio.
264 _aBarcelona :
_bPaidos,
_c2002.
300 _a517 páginas :
_bilustraciones ;
_c20 cm.
336 _2rdacontent
_atexto
_btxt
337 _2rdamedia
_asin mediación
_bn
338 _2rdacarrier
_avolumen
_bnc
500 _aIncluye datos biográficos del autor en la solapa de la cubierta
590 _aInventariado,2024/DG
650 4 _aIndia
_xCivilización - Diccionarios
_986142
700 1 _aPalacio, Javier
_etraductor
_946339
910 _aDG
942 _2ddc
_cLBS1
999 _c21989
_d21989